000
00342nam a2200157Ia 4500
008
221030s9999 xx 000 0 und d
020
_a
8172245971
041
_a
English
082
_a
105.23
_b
Cor
100
_a
D. Cornish
245
4
_a
The team quiz book
260
_b
Jaico Pub
_c
1997
300
_a
125
650
_a
General
942
_c
BK
999
_c
1251
_d
1251